Normal view
MARC view
Entry Personal Name
001 - CONTROL NUMBER
- control field: 9805
003 - CONTROL NUMBER IDENTIFIER
- control field: BD-RjUL
005 - DATE AND TIME OF LATEST TRANSACTION
- control field: 20231031122226.0
008 - FIXED-LENGTH DATA ELEMENTS
- fixed length control field: 231031|| aca||aabn | a|a d
040 ## - CATALOGING SOURCE
- Original cataloging agency: BD-RjUL
- Transcribing agency: BD-RjUL
100 ## - HEADING--PERSONAL NAME
- Personal name: Sairam, T.V
670 ## - SOURCE DATA FOUND
- Source citation: Work cat.: (BD-RjUL)82213: Sairam, T.V. , Dictionary of music therapy / , 2014